Symboly ožiarené vznešenosťou

Bibliographic Details
Main Author: Droppa, Vladimír, 1907-1994 (Author)
Format: Article
Language:Slovak
Subjects:

MARC

LEADER 00000nab a2200000 a 4500
001 vtls000298129
003 SK-MaSNL
005 20260305005933.0
008 160215c1987 xo 0 slo
015 |a SNBRB19rr/mm-uuuuu 
035 |a CL0308248 
040 |a SNKBUCL  |b slo  |c SNKBUCL  |e AACR2 
041 0 |a slo 
044 |a xo  |c SK 
080 |a 75.071.1:061.4  |2 1981 
080 |a 069.5  |2 1981 
080 |a 76.071.1  |2 1981 
080 |a 069.6.02  |2 1981 
080 |a 73/76  |2 1981 
080 |a 929 Benka, Martin  |2 1981 
100 1 |a Droppa, Vladimír,  |d 1907-1994  |4 aut  |9 38610 
245 1 0 |a Symboly ožiarené vznešenosťou  |c Vladimír Droppa 
600 1 7 |a Benka, Martin,  |d 1888-1971  |2 snkbucl  |9 100354 
650 0 7 |a Galéria CAZJD, Bratislava  |2 snkbucl  |9 1585041 
651 7 |a 5100  |2 snkbucl  |9 166206 
655 7 |a články z novín a časopisov  |2 snkbucl  |9 267496 
773 0 |t Večerník  |g Roč. 32, č. 233 (26. 11. 1987), s. 5 
850 |a Slovenská národná knižnica v Martine  |a MTA001 
852 |a SNK  |b KIS3GCP 
958 |a BX 
958 |a RK 
992 |a RBX 
999 |c 3243513  |d 3245443